[Event "Nikaia op 31st"]
[Site "Nikaia"]
[Date "2024.09.01"]
[Round "1"]
[White "Tsagkaropoulos, Spyridon"]
[Black "Elbastawisi, Abdelhay"]
[Result "1-0"]
[WhiteElo "2068"]
[BlackElo "1788"]
[PlyCount "57"]
[EventDate "2024.09.01"]
[EventType "swiss"]
[EventRounds "9"]
[EventCountry "GRE"]
[SourceTitle "EXT 2025"]
[Source "ChessBase"]
[SourceDate "2024.10.14"]
[SourceVersion "1"]
[SourceVersionDate "2024.10.14"]
[SourceQuality "1"]

1. e4 a6 2. d4 c6 3. Nc3 d5 4. h3 dxe4 5. Nxe4 e6 6. Nf3 h6 7. Bd3 Nf6 8. Nxf6+ gxf6 9. 0-0 Bd6 10. Re1 Nd7 11. Nh4 h5 12. Bg6 fxg6 13. Rxe6+ Kf7 14. Rxd6 Qe7 15. Bf4 Nf8 16. Qd2 Be6 17. Re1 Rd8 18. d5 cxd5 19. Rb6 Rd7 20. Qd3 g5 21. Rbxe6 Nxe6 22. Bxg5 Rg8 23. Qh7+ Rg7 24. Qxh5+ Kg8 25. Nf5 Rxg5 26. Nxe7+ Rxe7 27. Qh6 Kf7 28. f4 Nxf4 29. Qh7+ 1-0